Classic White People Sayings - Statistics

General Stats
  • This quiz has been taken 619 times
  • The average score is 27 of 40
Answer Stats
Hint Answer % Correct
"You're on thin ___ buddy." Ice
96%
"Get a ____ of this guy." Load
90%
"No more Mr. ____ guy." Nice
90%
"Oh, for ______ out loud." Crying
89%
"Teamwork makes the dream ____." Work
88%
"Don't beat around the ____." Bush
87%
"I'm gonna give you a _____ of my mind." Piece
87%
"Take a chill ____." Pill
87%
"This ain't my first ____." Rodeo
87%
"No sh*t, _______." Sherlock
87%
"He doesn't give a rats ___." Ass
86%
"Fancy ______ you here." Meeting
86%
"Don't talk to me until I've had my _____." Coffee
84%
"You're ______ up the wrong tree." Barking
83%
"Don't let the ____ hit you on the way out." Door
83%
"Don't count your chickens before they ____." Hatch
82%
"What in tar-_____." Nation
82%
"Look what the cat ______ in." Dragged
81%
"You mess with the bull, you're gonna get the ____." Horns
75%
"If I had a _____ for every time that happened." Nickel
75%
"You and what ____?" Army
74%
"I'm from around this ____ of the woods." Neck
71%
"That's going down a _______ slope." Slippery
69%
"How you like them ______." Apples
68%
"H-E-_____ hockeysticks." Double
68%
"Take a ___, Mike" Hike
66%
"I don't know enough to get me __ or ___ of trouble." in/out
64%
"This is the last _____" Straw
64%
"The pot calling the _____ black." Kettle
63%
"That's ____ coming from you." Rich
59%
"Just let me ______ right by ya." Squeeze
59%
"Now we're cooking with ___." Gas
45%
"Straight from the _____ mouth." Horses
43%
"Just a ______ throw away." Stones
39%
"Cool your ___ mister." Jets
37%
"He doesn't know his ass from his _____." Elbow
27%
"One foot in the _____, one on a banana peel." Grave
27%
"Let's take a ____ one now." Silly
19%
"A little ____ behind the ear." Green
10%
"There's my _____ for the next two weeks." Workout
8%
No matching quizzes found
Score Distribution
Percent of People with Each Score
Percentile by Number Answered
Your Score History
You have not taken this quiz